000 01349nam0a22003011 4500
001 rc\4038997
005 20260406102927.0
021 _aRU
_b[47-11718]
035 _a(NLR Aleph) 008097790
090 _a9224580
_c9224580
100 _a20130415d1947 u y0rusy50 ca
101 0 _arus
102 _aRU
105 _ay z |||a|
200 1 _aСтихи
_fПод ред. К. Симонова
210 _a[Челябинск]
_cЧелябгиз
_d1947
_g10-я тип. треста "Полиграфкнига"
215 _a87 с.
_d13
300 _aПеред загл. авт.: Михаил Львов
327 0 _aРазделы: Накануне; Из стихов о Маяковском; Начало; Мужество; Дороги; Из стихов о Москве
464 0 _12001#$aНакануне$aИз стихов о Маяковском$aНачало$aМужество$aДороги$aИз стихов о Москве
_tИз стихов о Москве
606 _aВеликая Отечественная война (х. л.)
_2psbo
700 1 _8rus
_7ca
_aЛьвов
_bМ. Д.
_cпоэт
_f1917-1988
_gМихаил Давыдович
_3RU\NLR\AUTH\7786451
_969379
702 1 _aСимонов
_bК.
_4340
801 0 _aRU
_bNLR
_gpsbo
801 1 _aRU
_bELAR
_2rusmarc
852 _aNLR
_jЛ30 Г-2/1609
942 _cBOOK
980 _aNB